000 004750000a22001810004500
003 MACL
005 20160129153559.0
008 160129b xxu||||| |||| 00| 0 eng d
040 _aMACL
_cMACL
041 _aEnglish
082 _a820.0954/MIT
100 _aMittapalli, Rajshwar
_935527
245 _aStudies in Indian Writing in English
260 _bAtlantic Publishers
_c2000
_aNew Delhi
350 _a375
650 _aLiterature
_935528
942 _cBK
_k820.095/Mit
_2ddc
999 _c31567
_d31567